Unfolded India's Air Defence From WWII to Operation Sindoor/ (Record no. 212904)

MARC details
000 -LEADER
fixed length control field 00577nam a2200193 4500
005 - DATE AND TIME OF LATEST TRANSACTION
control field 20250806145402.0
010 ## - LCCN (DPL NO)
LC control number ENG-146394
020 ## - INTERNATIONAL STANDARD BOOK NUMBER
International Standard Book Number 9789349042308
Terms of availability 299.00
035 ## - SYSTEM CONTROL NUMBER
System control number EN-129926
037 ## - SOURCE OF ACQUISITION
Source of stock number/acquisition DBAD
082 ## - DEWEY DECIMAL CLASSIFICATION NUMBER
Classification number 358.400954
100 ## - MAIN ENTRY--PERSONAL NAME
Personal name Pankaj P. Singh
245 ## - TITLE STATEMENT
Title Unfolded India's Air Defence From WWII to Operation Sindoor/
Statement of responsibility, etc Pankaj P. Singh
250 ## - EDITION STATEMENT
Edition statement 1
260 ## - PUBLICATION, DISTRIBUTION, ETC. (IMPRINT)
Place of publication, distribution, etc Chandigarh
Name of publisher, distributor, etc The Browser
Date of publication, distribution, etc 2025
270 ## - ADDRESS
Address SCO-14,15, Sector 8-C
City Chandigarh
Postal code 160009
300 ## - PHYSICAL DESCRIPTION
Extent 231p.
Dimensions 20cm(pb)
942 ## - ADDED ENTRY ELEMENTS (KOHA)
Source of classification or shelving scheme Dewey Decimal Classification
Item type English Books
Classification part 358.400954
Call number suffix PAN
Holdings
Withdrawn status Lost status Not for loan Collection code Home library Current library Date acquired Source of acquisition Cost, normal purchase price Full call number Barcode Copy number Cost, replacement price Koha item type
    Not For Loan Non-fiction D.B.Act.Division D.B.Act.Division 06/08/2025 Delivery of Books Act Division 299.00 358.400954 PAN EN-129926 1 299.00 English Books

© Delhi Public Library
Hit Counter
free hit counter